| 000 | 00987nam a22003017a 4500 | ||
|---|---|---|---|
| 003 | URS | ||
| 005 | 20250916140104.0 | ||
| 008 | 250909b |||||||| |||| 00| 0 eng d | ||
| 020 | _a978-0-323-81034-0 | ||
| 040 |
_erda _cURS _bEnglish |
||
| 050 |
_aRT41 _b.F962p 2023 |
||
| 245 |
_aFundamentals of nursing / _cPatricia A. Potter...[and three others]. |
||
| 250 | _aEleventh edition. | ||
| 264 | 1 |
_aSingapore : _bElsevier, _c©2023. |
|
| 300 |
_axi, 1513 pages : _billustrations ; _c26 cm. |
||
| 336 |
_atext _btxt _2rdacontent |
||
| 337 |
_aunmediated _bn _2rdamedia |
||
| 338 |
_avolume _bnc _2rdacarrier |
||
| 504 | _aIncludes bibliographical references and index. | ||
| 650 | 0 |
_aNursing. _91023 |
|
| 650 | 0 |
_aNursing care. _91093 |
|
| 650 | _aNursing process. | ||
| 700 |
_aPotter, Patricia Ann, _eauthor. _91524 |
||
| 700 |
_aPerry, Anne Griffin, _eauthor. _91523 |
||
| 700 |
_aStockert, Patricia A., _eauthor. _96459 |
||
| 700 |
_aHall, Amy M., _eauthor. _96460 |
||
| 942 |
_2lcc _cR |
||
| 999 |
_c86155 _d86153 |
||